Historia de los Estados Unidos
Guardado en:
| Autor principal: | |
|---|---|
| Formato: | Libro |
| Lenguaje: | español |
| Publicado: |
Barcelona
Ariel
1986
|
| Materias: | |
| Etiquetas: |
Agregar Etiqueta
Sin Etiquetas, Sea el primero en etiquetar este registro!
|
MARC
| LEADER | 00000nam a2200000 a 4500 | ||
|---|---|---|---|
| 001 | UCS2422 | ||
| 003 | CL-VaPUC | ||
| 008 | 970526e19860000SP |||||||||||||||||spa|d | ||
| 082 | 0 | 4 | |a 973 |b DEG |2 21 |
| 100 | 0 | |a Degler, Carl N |e author |9 387832 | |
| 245 | 1 | 0 | |a Historia de los Estados Unidos |
| 300 | |a 2 v | ||
| 942 | |c BK | ||
| 945 | |d 19970526 00:00:00 |a lriquelm | ||
| 260 | |a Barcelona |b Ariel |c 1986 | ||
| 500 | |a v.1: La formacion de una potencia 1600 - 1860 | ||
| 500 | |a v.2: El desarrollo de una nación 1860 -1985 | ||
| 650 | 7 | |a HISTORIA DE ESTADOS UNIDOS SIGLO 20 |2 CL-VaPUC |9 340477 | |
| 650 | 0 | |a Desarrollo cultural |9 267526 | |
| 650 | 0 | |a Democracia |9 255256 | |
| 650 | 0 | |a Guerra civil |9 320243 | |
| 650 | 0 | |a Industrialización |9 263687 | |
| 651 | 0 | |a Estados Unidos |9 255178 | |
| 583 | |a last modification |c 20160830 12:18:14 |k Rodrigo Vera | ||
| 999 | |c 260381 |d 260379 | ||
| 952 | |0 0 |1 0 |4 0 |6 973_000000000000000_DEG_1986 |7 0 |8 P |9 286467 |a BIBDER |b BIBDER |d 2019-11-19 |h v.1 |i 1862790 |o 973 DEG 1986 |p 1862790 |r 2023-01-25 |w 2019-11-19 |y BK |k DER | ||
| 952 | |0 0 |1 0 |4 0 |6 973_000000000000000_DEG_1986 |7 0 |8 P |9 286468 |a BIBDER |b BIBDER |d 2019-11-19 |h v.2 |i 1862804 |o 973 DEG 1986 |p 1862804 |r 2023-01-25 |w 2019-11-19 |y BK |k DER | ||
| 952 | |0 0 |1 0 |4 0 |6 973_000000000000000_DEG_1986 |7 0 |8 A |9 286469 |a BIBHIS |b BIBHIS |d 2019-11-19 |h v.1 |i 1384287 |o 973 DEG 1986 |p 1384287 |r 2025-01-20 |w 2019-11-19 |y BK |k HIS | ||
| 952 | |0 0 |1 0 |4 0 |6 973_000000000000000_DEG_1986 |7 0 |8 A |9 286470 |a BIBHIS |b BIBHIS |d 2019-11-19 |h v.2 |i 1384295 |o 973 DEG 1986 |p 1384295 |r 2025-01-20 |w 2019-11-19 |y BK |k HIS | ||